Assassin's Creed - Jeux et Pays - Statistiques

Statistiques générales
  • Ce quiz a été pris 621 fois
    349 depuis la dernière actualisation
  • Le résultat moyen est 21 sur 26
Statistiques - réponses
Jeux % Correct
France
96%
Égypte
95%
Japon
93%
Norvège/ Angleterre
93%
Angleterre
91%
Grèce
90%
Italie
90%
Assassin's Creed IV : Black Flag
89%
Assassin's Creed Origins
88%
Assassin's Creed Unity
88%
Assassin's Creed Valhalla
86%
Assassin's Creed
85%
Assassin's Creed Odyssey
84%
États-Unis
84%
Assassin's Creed II
82%
Assassin's Creed Mirage
81%
Assassin's Creed III
79%
Assassin's Creed Shadows
79%
Caraïbes
79%
Assassin's Creed Syndicate
78%
Assassin's Creed Brotherhood
76%
Assassin's Creed Rogue
74%
Irak
70%
Assassin's Creed Revelations
64%
Syrie / Israël
64%
Turquie
55%
Aucun quiz correspondant
Distribution des résultats
% des personnes avec chaque résultat
Percentile par nombre de réponses
Votre historique - résultats
Vous n’avez pas pris ce quiz depuis la dernière actualisation